UM Logo

Handbook of diseases. (Record no. 5897)

MARC details
000 -LEADER
fixed length control field 00534nam a22001697a 4500
008 - FIXED-LENGTH DATA ELEMENTS--GENERAL INFORMATION
fixed length control field 161126b xxu||||| |||| 00| 0 eng d
020 ## - INTERNATIONAL STANDARD BOOK NUMBER
International Standard Book Number 1582552665
082 ## - DEWEY DECIMAL CLASSIFICATION NUMBER
Edition number 2004
Classification number DRef 616
Item number H19
245 ## - TITLE STATEMENT
Title Handbook of diseases.
250 ## - EDITION STATEMENT
Edition statement 3rd edition
260 ## - PUBLICATION, DISTRIBUTION, ETC. (IMPRINT)
Place of publication, distribution, etc. Philadelphia:
Name of publisher, distributor, etc. Lippincott Williams & Wilkins,
Date of publication, distribution, etc. c2004.
300 ## - PHYSICAL DESCRIPTION
Extent x, 979 pages:
Other physical details illustrations,
Dimensions 21 cm.
500 ## - GENERAL NOTE
General note Includes bibliographical references and index.
650 #0 - SUBJECT ADDED ENTRY--TOPICAL TERM
9 (RLIN) 17874
Topical term or geographic name as entry element Diseases
Form subdivision Handbooks, manuals, etc.
365 ## - TRADE PRICE
Price amount 598.00
Currency code Php
942 ## - ADDED ENTRY ELEMENTS (KOHA)
Source of classification or shelving scheme Dewey Decimal Classification
Koha item type Reference
Holdings
Withdrawn status Lost status Source of classification or shelving scheme Damaged status Not for loan Collection code Home library Current library Date acquired Source of acquisition Total Checkouts Full call number Barcode Date last seen Copy number Price effective from Koha item type
    Dewey Decimal Classification     Reference UM Digos College - LIC UM Digos College - LIC 09/20/2006 Purchased   DRef 616 H19 2004 18666 05/15/2025 1 11/26/2016 Reference